Open Data Biblioteca Nacional de Portugal


República Portuguesa: Ministério da Cultura
Biblioteca Nacional de Portugal

Catálogo da BNP: acesso por Identificadores Unívocos
Registos Bibliográficos associados ao registo de autoridade

Etiqueta de registo: 00254nam 2200025 450
001 2284222
003 http://id.bnportugal.gov.pt/bib/catbnp/2284222
010 ## $a978-989-53980-1-0
021 ## $aPT$b518559/23
100 ## $a20260413d2023 m y0pory01030103ba
101 0# $apor
102 ## $aPT
105 ## $ay z 000yy
106 ## $ar
200 1# $a O declínio das fábulas.$hVol. I$fRui Calisto$gpref. Joana Cavaco
205 ## $a1ª ed
210 #9 $a[S.l.]$cEditora Martins Fontes Portugal,$d2023
215 ## $a109, [3] p.$d23 cm
700 #1 $aCalisto,$bRui,$f1965-$31173340
702 #1 $aCavaco,$bJoana$4080$31995515
801 #0 $aPT$bBN$gRPC
966 ## $lBN$mFGMON$x1
971 ## $cssilva$d20260413

OpendataBNP@bnportugal.pt | Mais informação sobre acesso aos dados BNP